| 000 | 01486nas a2200277Ia 4500 | ||
|---|---|---|---|
| 001 | R050-S1116 | ||
| 003 | IT-CnALBA | ||
| 008 | 170116c99999999xx |||||||||||| ||und|| | ||
| 040 |
_aIT-CnALBA _cIT-CnALBA |
||
| 041 | _aITALIANO | ||
| 100 | _aSCHERILLO MICHELE | ||
| 210 | _aLA NUOVA ANTOLOGIA | ||
| 222 | _aLA NUOVA ANTOLOGIA | ||
| 245 | 0 | _aLA NUOVA ANTOLOGIA. 1 LUGLIO 1898. RIVISTA DI LETTERE SCIENZE ARTI. | |
| 250 | _a1a ed. | ||
| 260 |
_a ROMA _bDIREZIONE NUOVA ANTOLOGIA _c1898 [1° Ed.:1898 - Ed.Ling.Originale: 1898] |
||
| 300 | _a192 p. | ||
| 310 | _aQUINDICINALE | ||
| 362 | _aFascicolo: 637 / Anno: 33 (1898) | ||
| 500 | _aCANTONI C. MORELLO V. DALLA VOLTA R. BACCELLI A. NICEFORO A. NOCENTINI L. NEMI, TRA I LIBRI E RIVISTE. RASSEGNA MUSICA. VASCO DE GAMA. SPAGNA DURANTE LA GUERRA. RICORDI D'ALPE. SAINT SIMON. LA SCENA DI PROSA, TINA DI LORENZO. LE UNIVERSITÀ TEDESCHE. CARITÀ CIVILE, SACRA FAMIGLIA. IL CONSALVO DEL LEOPARDI. | ||
| 501 | _aSocietà San Paolo EM - Piazza San Paolo, 14 - 12051 ALBA (CN) (non commercial uses only) ® Copyright 2017 | ||
| 520 | _aCANTONI C. MORELLO V. DALLA VOLTA R. BACCELLI A. NICEFORO A. NOCENTINI L. NEMI, TRA I LIBRI E RIVISTE. RASSEGNA MUSICA. VASCO DE GAMA. SPAGNA DURANTE LA GUERRA. RICORDI D'ALPE. SAINT SIMON. LA SCENA DI PROSA, TINA DI LORENZO. LE UNIVERSITÀ TEDESCHE. CARITÀ CIVILE, SACRA FAMIGLIA. IL CONSALVO DEL LEOPARDI. | ||
| 650 | _aLETTERATURA - SCIENZA - ARTE | ||
| 942 | _cCR | ||
| 957 | _71 | ||
| 999 |
_a62682 _bSI _g1 _c329708 _d329708 |
||